000 00649nam a2200241Ia 4500
003 OSt
005 20221007101412.0
006 a|||||r|||| 00| 0
007 ta
008 221006b |||||||| |||| 00| 0 eng d
024 _a6,393
037 _cTextual
040 _aLCO
_cLCO
_beng
041 _2eng
_aeng
082 _aWU,1:91A, L3
100 _aBANERJEA PRAMATHANATH
245 0 _aPublic Administration in Ancient India.
260 _aDelhi
_bIndian Reprint Pub. Co.
_c1973
300 _a316
650 _aPUBLIC ADMINISTRATION
942 _hWU,1:91A, L3
_cTEXL
999 _c1175956
_d1175956